000 01098nam a2200265 a 4500
005 20160215125957.0
008 030514s2005 ck jr 00 1j spa d
020 _a9588168260
040 _aCO-BoBLA
_cCO-BoBLA
_dCO-BoIAVH
041 0 _aspa
044 _ack
090 _aEA-
_b390
245 0 3 _aEl día que pietra terrosa se rodó /
_c[colaboradores Doris Suaza ... [et al.] ; ilustraciones Logo Sapiens, Luz Marina Camacho Turriago, Rubén Darío Rojas Olier].
260 3 _a[Bogotá? :
_bAlcaldía Mayor de Bogotá :
_bSecretaria de Gobierno,
_c2005].
300 _a18 páginas :
_bilustraciones a color ;
_c22 x 28 cm.
650 1 6 _aDeslizamiento de tierras
_vLibros infantiles.
650 1 6 _aDesastres naturales
_vLibros infantiles.
650 4 _aCuentos infantiles colombianos.
650 1 6 _aPrevención de desastres.
700 1 2 _aSuaza, Doris.
700 1 2 _aCamacho Turriago, Luz Marina,
_eilustrador
700 1 2 _aRojas Olier, Rubén Darío,
_eilustrador
710 2 2 _aLogo Sapiens,
_eilustrador
942 _2ddc
_cLIBRO
999 _c6633
_d6633